Physics With Modern Physics (Record no. 565895)

000 -LEADER
fixed length control field 00317nam a2200109Ia 4500
008 - FIXED-LENGTH DATA ELEMENTS--GENERAL INFORMATION
fixed length control field 210430s9999 xx 000 0 und d
082 ## - DEWEY DECIMAL CLASSIFICATION NUMBER
Classification number 530 W848P
100 ## - MAIN ENTRY--PERSONAL NAME
Personal name Wolfson,Richard, Pasachoff Jay M
9 (RLIN) 54967
245 ## - TITLE STATEMENT
Title Physics With Modern Physics
Statement of responsibility, etc. Wolfson,Richard, Pasachoff Jay M
300 ## - PHYSICAL DESCRIPTION
Extent 1243p.
942 ## - ADDED ENTRY ELEMENTS (KOHA)
Koha item type Book
Source of classification or shelving scheme
Holdings
Withdrawn status Lost status Damaged status Not for loan Permanent Location Current Location Shelving location Date acquired Total Checkouts Total Renewals Full call number Barcode Date last seen Date last checked out Price effective from Koha item type
        School of Chemical & Materials Engineering (SCME) School of Chemical & Materials Engineering (SCME) Book Cart   1 3 530 W848P SCME- D136 03/30/2022 12/24/2021 04/30/2021 Book
© 2023 Central Library, National University of Sciences and Technology. All Rights Reserved.